Roblox Quiz - Statistics

General Stats
  • This quiz has been taken 12 times
  • The average score is 3 of 13
Answer Stats
Answer % Correct
Robux
71%
Ad
43%
Friends
43%
Games
43%
Avatar
29%
Premium
29%
Brith
14%
Display Name
14%
Gmail or Email
14%
Log in
0%
Passowrd
0%
Sign in
0%
Verify your account
0%
No matching quizzes found
Score Distribution
Percent of People with Each Score
Percentile by Number Answered
Your Score History
You have not taken this quiz